Statistics for US States or Canadian Provinces with The Most French Speakers

Click here to take the quiz!

General Stats

  • This quiz has been taken 424 times
  • The average score is 11 of 14

Answer Stats

TypeSpeakersSubdivision% Correct
Canadian Province6,231,600Quebec
98%
Canadian Province561,155Ontario
90%
US State47,066Maine
87%
US State119,931Louisiana
85%
US State9,543Vermont
83%
Canadian Province63,625British Columbia
81%
Canadian Province68,435Alberta
80%
US State24,697New Hampshire
78%
Canadian Province51,280Manitoba
76%
Canadian Province240,455New Brunswick
76%
Canadian Province31,110Nova Scotia
74%
US State65,874Massachusetts
65%
US State35,565Connecticut
60%
US State11,477Rhode Island
58%

Score Distribution

Percentile by Number Answered

Percent of People with Each Score

Your Score History

You have not taken this quiz